00269nam a2200109Ia 4500008004100000100001900041245001900060250000800079260004700087300000900134650001600143191201s2010 xx 000 0 und d aCHAKRABARTI, A 0aCircuit Theory aRep c2010bDhanpat Rai Pubns (P) LtdaNew Delhi a1680 aECE 3RD SEM